[Event "FIDE Chesscom Online Nations Cup"]
[White "Ju, Wenjun"]
[Black "Muzychuk, Mariya"]
[Site "Online"]
[Round "6"]
[Annotator "RC"]
[Result "1-0"]
[Date "2020.05.07"]
[WhiteElo "2610"]
[BlackElo "2506"]
[PlyCount "139"]
[TimeControl "1500+10"]

1. d4 {[%emt 0:0:6]} Nf6 {[%emt 0:0:3]} 2. c4 {[%emt 0:0:11]} g6 {[%emt 0:0:0]} 3. g3 {[%emt 0:0:7]} c6 {[%emt 0:0:19]} 4. Bg2 {[%emt 0:0:4]} d5 {[%emt 0:0:2]
} 5. Qa4 {[%emt 0:0:8]} Bg7 {[%emt 0:0:14]} 6. cxd5 {[%emt 0:0:0]} Nxd5 {[%emt 0:0:1]} 7. Nf3 {[%emt 0:0:1]} Bg4 {[%emt 0:0:39]} 8. e3 {[%emt 0:0:5]} 0-0 {[%emt 0:0:46]} 9. Nc3 {[%emt 0:0:22]} Nb6 {[%emt 0:0:0]} 10. Qc2 {[%emt 0:0:34]} N8d7 {[%emt 0:1:1]} 11. 0-0 {[%emt 0:0:25]} e5 {[%emt 0:1:58]} 12. Nxe5 {[%emt 0:4:21]} Nxe5 {[%emt 0:0:18]} 13. dxe5 {[%emt 0:0:3]
} Bxe5 {[%emt 0:0:9]} 14. Qe4 {[%emt 0:0:53]} Bxc3 {[%emt 0:0:0]} 15. bxc3 {[%emt 0:0:4]} Bf5 {[%emt 0:3:33]} 16. Qb4 {[%emt 0:2:35]} a5 {[%emt 0:2:41]} 17. Qd4 {[%emt 0:0:51]} Re8 {[%emt 0:0:52]} 18. Ba3 {[%emt 0:2:31]
} Qxd4 {[%emt 0:1:3]} 19. cxd4 {[%emt 0:0:4]} Nc4 {[%emt 0:0:0]} 20. Bc5 {[%emt 0:0:11]} Nb2 {[%emt 0:6:36]} 21. Rfc1 {[%emt 0:4:55]} Nd3 {[%emt 0:0:19]} 22. Rc3 {[%emt 0:0:3]} Nxc5 {[%emt 0:0:27]} 23. Rxc5 {[%emt 0:0:12]
} a4 {[%emt 0:1:8]} 24. d5 {[%emt 0:3:15]} cxd5 {[%emt 0:0:0]} 25. Bxd5 {[%emt 0:0:7]} Be4 {[%emt 0:1:0]} 26. Bxe4 {[%emt 0:0:11]} Rxe4 {[%emt 0:0:2]} 27. Rb1 {[%emt 0:0:2]} Re7 {[%emt 0:0:23]} 28. Kf1 {[%emt 0:1:11]
} h5 {[%emt 0:1:18]} 29. h4 {[%emt 0:0:27]} Kg7 {[%emt 0:0:34]
} 30. Ke2 {[%emt 0:0:36]} Ra6 {[%emt 0:0:15]} 31. Rb4 {[%emt 0:0:30]} Rd7 {[%emt 0:0:11]
} 32. Rcc4 {[%emt 0:0:58]} a3 {[%emt 0:0:5]} 33. Ra4 {[%emt 0:0:0]} Rb6 {[%emt 0:0:16]} 34. Rc2 {[%emt 0:0:11]} Rb1 {[%emt 0:0:47]} 35. Rxa3 {[%emt 0:0:4]} Rdd1 {[%emt 0:0:4]} 36. Rac3 {[%emt 0:0:28]} Re1+ {[%emt 0:0:15]
} 37. Kf3 {[%emt 0:0:2]} Rb6 {[%emt 0:0:4]} 38. Rc7 {[%emt 0:0:0]} Ra1 {[%emt 0:0:22]} 39. Rd7 {[%emt 0:0:33]} Ra6 {[%emt 0:0:9]} 40. Rdd2 {[%emt 0:0:3]} Ra4 {[%emt 0:0:29]} 41. Rb2 {[%emt 0:0:4]} b5 {[%emt 0:0:5]
} 42. e4 {[%emt 0:0:20]} Re1 {[%emt 0:0:15]} 43. Re2 {[%emt 0:0:0]} Rxe2 {[%emt 0:0:53]} 44. Rxe2 {[%emt 0:0:3]} Ra3+ {[%emt 0:0:20]} 45. Kf4 {[%emt 0:0:4]} Kf6 {[%emt 0:0:5]} 46. Rc2 {[%emt 0:0:11]} Ke6 {[%emt 0:0:5]
} 47. f3 {[%emt 0:0:32]} Kf6 {[%emt 0:0:10]} 48. e5+ {[%emt 0:0:0]} Ke6 {[%emt 0:0:6]} 49. Rc6+ {[%emt 0:0:5]} Ke7 {[%emt 0:0:7]} 50. Rb6 {[%emt 0:0:15]} Rxa2 {[%emt 0:0:5]} 51. Rxb5 {[%emt 0:0:2]} Kf8 {[%emt 0:0:18]
} 52. e6 {[%emt 0:0:25]} Ra6 {[%emt 0:0:42]} 53. Rb8+ {[%emt 0:0:0]} Ke7 {[%emt 0:0:4]} 54. exf7 {[%emt 0:0:2]} Kxf7 {[%emt 0:0:9]} 55. Kg5 {[%emt 0:0:2]} Ra5+ {[%emt 0:0:14]} 56. Kh6 {[%emt 0:0:3]} Ra3 {[%emt 0:0:1]
} 57. Rb7+ {[%emt 0:0:3]} Kf8 {[%emt 0:0:16]} 58. Rg7 {[%emt 0:0:18]
} Rxf3 {[%emt 0:0:9]} 59. Rxg6 {[%emt 0:0:1]} Rf5 {[%emt 0:0:0]} 60. Rg5 {[%emt 0:0:2]} Rf6+ {[%emt 0:0:10]} 61. Kxh5 {[%emt 0:0:2]
} Kf7 {[%emt 0:0:0]} 62. Kg4 {[%emt 0:0:2]} Ra6 {[%emt 0:0:3]} 63. Rf5+ {[%emt 0:0:26]
} Kg6 {[%emt 0:0:3]} 64. h5+ {[%emt 0:0:4]} Kh6 {[%emt 0:0:0]} 65. Kh4 {[%emt 0:0:2]} Ra1 {[%emt 0:0:1]} 66. Rf6+ {[%emt 0:0:3]} Kg7 {[%emt 0:0:2]} 67. Rb6 {[%emt 0:0:3]} Ra5 {[%emt 0:0:4]} 68. g4 {[%emt 0:0:2]
} Rc5 {[%emt 0:0:2]} 69. Rb7+ {[%emt 0:0:13]} Kf6 {[%emt 0:0:0]} 70. g5+ {[%emt 0:0:13]} 1-0

[Event "FIDE Chesscom Online Nations Cup"]
[White "Amin, Bassem"]
[Black "Yu, Yangyi"]
[Site "Online"]
[Round "6"]
[Annotator "TA"]
[Result "1/2-1/2"]
[Date "2020.05.07"]
[WhiteElo "2608"]
[BlackElo "2738"]
[PlyCount "112"]

1. Nf3 {} d5 2. g3 c6 3. Bg2 Bf5 4. 0-0 e6 5. d3 h6 6. Nbd2 Nf6 7. b3 Be7 8. Bb2 0-0 9. Re1 Bh7 10. e4 a5 11. a3 Na6 { A07: Réti Opening: New York and Capablanca Systems.} 12. Qe2 {
[#]} Qc7 $146 ({Predecessor:} 12... b5 13. Rad1 Qb6 14. Bh3 dxe4 15. Nxe4 Nxe4 16. dxe4 Rad8 17. Ne5 Bf6 18. Bg2 Nb8 19. c4 {1-0 (52) Fedoseev,V (2724)
-Shankland,S (2725) Wijk aan Zee 2019} )13. Ne5 Rad8 14. Rad1 Nc5 15. Ng4 Ncd7 16. h3 b5 {} 17. Nxf6+ Nxf6 18. d4 b4 19. a4 dxe4 20. Nxe4 Nxe4 21. Bxe4 Bxe4 22. Qxe4 Rd5 23. Rd3 Rfd8 (23... Rc8 $17 )24. Red1 $1 $11 Bf6 25. Bc1 $1 {The position is equal.} Bg5 26. Bxg5 Rxg5 27. c4 bxc3 28. Rxc3 Rgd5 29. Rdc1 Qb7 30. Rxc6 Qxb3 31. Rc8 Qb6 32. R1c5 Rxc8 33. Rxc8+ {
 Endgame KQR-KQR} Rd8 34. Qa8 Rxc8 35. Qxc8+ {KQ-KQ} Kh7 36. Qd7 Kg6 37. h4 Qb1+ 38. Kg2 Qe4+ 39. Kg1 Qd5 40. Qa7 Kf6 41. Qb6 Kf5 42. Qc7 Kg6 ({
Of course not} 42... Qxd4 $6 43. Qxf7+ Qf6 44. Qh5+ g5 45. Kg2 $16 )43. Qa7 Kf6 44. Qb6 g5 45. hxg5+ hxg5 46. Qc7 Kg6 47. Qc2+ Qf5 48. Qc7 Qb1+ 49. Kg2 Qe4+ 50. Kg1 Qe1+ 51. Kg2 Qb4 52. Qd7 Qc4 53. Qb5 Qd5+ 54. Qxd5 exd5 55. g4 $1 f5 56. f3 f4 {Accuracy: White = 89%, Black = 95%.} 1/2-1/2

[Event "FIDE Chesscom Online Nations Cup"]
[White "Muzychuk, Anna"]
[Black "Goryachkina, Aleksandra"]
[Site "Online"]
[Round "6"]
[Annotator "RC"]
[Result "1/2-1/2"]
[Date "2020.05.07"]
[WhiteElo "2533"]
[BlackElo "2502"]
[PlyCount "75"]
[TimeControl "1500+10"]

1. e4 {[%emt 0:0:4]} e6 {[%emt 0:0:15]} 2. d4 {[%emt 0:0:7]} d5 {[%emt 0:0:0]} 3. exd5 {[%emt 0:0:6]} exd5 {[%emt 0:0:2]} 4. Nf3 {[%emt 0:0:2]} Nc6 {[%emt 0:0:33]} 5. Nc3 {[%emt 0:1:9]} Bb4 {[%emt 0:1:22]} 6. Bd3 {[%emt 0:0:24]
} Nge7 {[%emt 0:0:51]} 7. 0-0 {[%emt 0:0:29]} 0-0 {[%emt 0:0:0]} 8. h3 {[%emt 0:1:9]} Bf5 {[%emt 0:1:24]} 9. Ne2 {[%emt 0:0:27]} Bd6 {[%emt 0:0:34]
} 10. c3 {[%emt 0:0:41]} Bxd3 {[%emt 0:1:54]} 11. Qxd3 {[%emt 0:0:3]
} Ng6 {[%emt 0:0:17]} 12. Bd2 {[%emt 0:4:32]} Qd7 {[%emt 0:0:0]} 13. Rae1 {[%emt 0:0:3]} Rae8 {[%emt 0:1:7]} 14. Ng3 {[%emt 0:0:12]} Bxg3 {[%emt 0:1:15]} 15. fxg3 {[%emt 0:0:3]} a6 {[%emt 0:0:39]} 16. g4 {[%emt 0:0:14]
} Rxe1 {[%emt 0:0:50]} 17. Rxe1 {[%emt 0:0:3]} Re8 {[%emt 0:0:0]} 18. Qf5 {[%emt 0:1:1]} Rxe1+ {[%emt 0:2:17]} 19. Bxe1 {[%emt 0:0:0]} Qd8 {[%emt 0:2:18]} 20. Ng5 {[%emt 0:2:0]} Qe8 {[%emt 0:0:16]} 21. Bg3 {[%emt 0:0:22]} h6 {[%emt 0:0:33]} 22. Nf3 {[%emt 0:0:9]} Nce7 {[%emt 0:0:0]} 23. Qd3 {[%emt 0:1:27]} Qd7 {[%emt 0:0:10]} 24. Qe2 {[%emt 0:1:26]} Nc8 {[%emt 0:1:14]} 25. g5 {[%emt 0:1:8]} hxg5 {[%emt 0:0:46]} 26. Nxg5 {[%emt 0:0:7]
} Nf8 {[%emt 0:0:28]} 27. Nf3 {[%emt 0:0:53]} f6 {[%emt 0:0:0]} 28. Ne1 {[%emt 0:0:36]} Nd6 {[%emt 0:0:42]} 29. Bxd6 {[%emt 0:0:45]} Qxd6 {[%emt 0:0:5]} 30. Nd3 {[%emt 0:0:1]} Ne6 {[%emt 0:1:2]} 31. Qh5 {[%emt 0:0:58]
} Qd7 {[%emt 0:0:27]} 32. Qf5 {[%emt 0:0:24]} Qd6 {[%emt 0:0:0]} 33. h4 {[%emt 0:1:8]} c6 {[%emt 0:0:26]} 34. Kf2 {[%emt 0:0:22]} Qe7 {[%emt 0:0:30]
} 35. g3 {[%emt 0:0:20]} Qf7 {[%emt 0:0:18]} 36. Qg4 {[%emt 0:0:0]} g6 {[%emt 0:1:37]} 37. Nf4 {[%emt 0:1:35]} Nxf4 {[%emt 0:0:6]} 38. Qxf4 {[%emt 0:0:2]} 1/2-1/2

[Event "FIDE Chesscom Online Nations Cup"]
[White "Koneru, Humpy"]
[Black "Krush, Irina"]
[Site "Online"]
[Round "6"]
[Annotator "RC"]
[Result "1/2-1/2"]
[Date "2020.05.07"]
[WhiteElo "2483"]
[BlackElo "2392"]
[PlyCount "106"]
[TimeControl "1500+10"]

1. d4 {[%emt 0:0:2]} d5 {[%emt 0:0:2]} 2. c4 {[%emt 0:0:5]} dxc4 {[%emt 0:0:2]
} 3. Nf3 {[%emt 0:0:2]} Nf6 {[%emt 0:0:3]} 4. e3 {[%emt 0:0:0]} e6 {[%emt 0:0:1]} 5. Bxc4 {[%emt 0:0:2]} c5 {[%emt 0:0:2]} 6. 0-0 {[%emt 0:0:13]
} Nc6 {[%emt 0:0:1]} 7. Qe2 {[%emt 0:0:14]} a6 {[%emt 0:0:47]
} 8. Nc3 {[%emt 0:0:20]} b5 {[%emt 0:0:15]} 9. Bd3 {[%emt 0:0:15]} cxd4 {[%emt 0:2:30]
} 10. exd4 {[%emt 0:0:36]} Be7 {[%emt 0:0:12]} 11. Bg5 {[%emt 0:5:29]
} Bb7 {[%emt 0:9:38]} 12. Bxf6 {[%emt 0:5:6]} Bxf6 {[%emt 0:0:0]} 13. d5 {[%emt 0:0:59]} Nb4 {[%emt 0:2:38]} 14. Bxb5+ {[%emt 0:0:27]} Kf8 {[%emt 0:0:3]} 15. Bc4 {[%emt 0:1:54]} Nxd5 {[%emt 0:0:49]} 16. Ne4 {[%emt 0:1:53]
} g6 {[%emt 0:2:1]} 17. Rac1 {[%emt 0:3:44]} Kg7 {[%emt 0:0:0]} 18. Rfd1 {[%emt 0:1:53]} Qe7 {[%emt 0:0:4]} 19. Nxf6 {[%emt 0:1:51]} Qxf6 {[%emt 0:0:10]} 20. Qe5 {[%emt 0:0:15]} Rhd8 {[%emt 0:0:57]} 21. Kf1 {[%emt 0:0:44]
} a5 {[%emt 0:0:26]} 22. Qxf6+ {[%emt 0:0:50]} Kxf6 {[%emt 0:0:0]} 23. Nd2 {[%emt 0:0:7]} Nb4 {[%emt 0:2:29]} 24. f3 {[%emt 0:0:43]} Nd3 {[%emt 0:1:3]} 25. Bxd3 {[%emt 0:0:2]} Rxd3 {[%emt 0:0:2]} 26. Nb3 {[%emt 0:0:31]
} Rxd1+ {[%emt 0:0:40]} 27. Rxd1 {[%emt 0:0:2]} Bd5 {[%emt 0:0:0]} 28. Rd4 {[%emt 0:0:27]} Bxb3 {[%emt 0:1:54]} 29. axb3 {[%emt 0:0:3]
} Rb8 {[%emt 0:0:0]} 30. Rd3 {[%emt 0:0:16]} e5 {[%emt 0:0:21]} 31. Ke2 {[%emt 0:0:31]
} Ke6 {[%emt 0:0:13]} 32. Kd1 {[%emt 0:0:16]} f5 {[%emt 0:0:0]} 33. Kc2 {[%emt 0:0:6]} e4 {[%emt 0:1:3]} 34. fxe4 {[%emt 0:0:10]} fxe4 {[%emt 0:0:0]} 35. Rd4 {[%emt 0:0:11]} Ke5 {[%emt 0:0:3]} 36. Ra4 {[%emt 0:0:15]
} Rb5 {[%emt 0:0:8]} 37. Kd2 {[%emt 0:0:6]} Kf4 {[%emt 0:0:0]} 38. Ke2 {[%emt 0:0:3]} Rxb3 {[%emt 0:0:57]} 39. g3+ {[%emt 0:0:3]} Ke5 {[%emt 0:0:1]} 40. Rxa5+ {[%emt 0:0:4]} Kd4 {[%emt 0:0:3]} 41. Ra4+ {[%emt 0:0:7]
} Ke5 {[%emt 0:0:1]} 42. Ra5+ {[%emt 0:0:5]} Kf6 {[%emt 0:0:0]} 43. Ra2 {[%emt 0:0:41]} Kf5 {[%emt 0:0:3]} 44. Kf2 {[%emt 0:0:9]} h5 {[%emt 0:0:16]} 45. h3 {[%emt 0:0:12]} h4 {[%emt 0:0:8]} 46. Ra5+ {[%emt 0:0:0]} Kf6 {[%emt 0:0:5]} 47. gxh4 {[%emt 0:0:4]} Rxh3 {[%emt 0:0:21]} 48. b4 {[%emt 0:0:3]} Rxh4 {[%emt 0:0:4]} 49. Ke3 {[%emt 0:0:3]} Ke6 {[%emt 0:0:12]
} 50. Rg5 {[%emt 0:0:6]} Rh3+ {[%emt 0:0:10]} 51. Kxe4 {[%emt 0:0:7]
} Rh4+ {[%emt 0:0:1]} 52. Ke3 {[%emt 0:0:3]} Rxb4 {[%emt 0:0:0]} 53. Rxg6+ {[%emt 0:0:1]} Kf5 {[%emt 0:0:2]} 1/2-1/2